MARC details
| 000 -LEADER |
| campo de control de longitud fija |
02367nam a2200265 a 4500 |
| 003 - IDENTIFICADOR DE NÚMERO DE CONTROL |
| campo de control |
Biblioteca Akishino |
| 005 - FECHA Y HORA DE LA ÚLTIMA TRANSACCIÓN |
| campo de control |
20260526193458.0 |
| 008 - DATOS DE LONGITUD FIJA--INFORMACIÓN GENERAL |
| campo de control de longitud fija |
s2025 ag ||||| |||| 00| 1 spa d |
| 020 ## - NÚMERO INTERNACIONAL ESTÁNDAR DEL LIBRO |
| Número Internacional Estándar del Libro |
9788419168665 |
| 040 ## - FUENTE DE CATALOGACIÓN |
| Centro catalogador/agencia de origen |
Biblioteca Su Alteza Imperial Príncipe Akishino |
| Normas de descripción |
AACR2 |
| 041 1# - Idioma |
| Código de lengua del texto/banda sonora o título independiente |
spa |
| Código de lengua original |
jpn |
| 082 0# - Número Dewey (CDD) |
| Número de clasificación |
895.635 |
| Número de ítem |
SH555.E 2025 |
| 100 1# - ENTRADA PRINCIPAL--NOMBRE DE PERSONA |
| Nombre de persona |
Shibaki, Yoshiko, |
| Fechas asociadas al nombre |
1914-1991 |
| 9 (RLIN) |
1639 |
| 240 10 - Título Normalizado |
| Título uniforme |
Susaki Paradise. |
| Lenguaje de la obra |
Español |
| 245 10 - MENCIÓN DEL TÍTULO |
| Título |
Susaki Paradise / |
| Mención de responsabilidad, etc. |
Yoshiko Shibaki; traducción de Yoko Ogihara y Fernando Cordobés. |
| 250 ## - MENCION DE EDICION |
| Mención de edición |
1a ed. |
| 260 ## - PUBLICACIÓN, DISTRIBUCIÓN, ETC. |
| Lugar de publicación, distribución, etc. |
Argentina : |
| Nombre del editor, distribuidor, etc. |
Gallo Nero, |
| Fecha de publicación, distribución, etc. |
2025. |
| 520 0# - RESUMEN, ETC. |
| Sumario, etc. |
«Pasado el puente, en la entrada del barrio del placer, se levantaba un arco que sustituía a la gran puerta que presidió el lugar en tiempos remotos. Allí se iluminó un neón en el cual se leía: Susaki Paradise. La calle principal al otro lado se extendía en línea recta hasta que quedaba cortada por un dique. En la parte derecha se encontraba el primer barrio de Benten y, a la izquierda, el segundo. En conjunto, era un pequeño mundo rodeado de agua distinto a todo lo demás.»<br/>Publicado en 1955, Susaki Paradise reúne seis historias interconectadas que giran en torno a la decadente taberna Chigusa y su propietaria, Tokuko, y que combinan el lirismo con un mundo salvaje.<br/>Shibaki retrata con un realismo desalmado a estas trabajadoras del sexo que viven en los márgenes de la sociedad. Lo que une a las mujeres de estas historias es la urgencia inquebrantable con la que viven sus vidas en medio de los desafíos del período de posguerra. Una joven de quince años recién reclutada cuya inocencia infantil se hace añicos en cuestión de días, una exprostituta que anhela tener su propio burdel, una camarera dividida entre un novio suicida y un seductor motociclista. Todos los relatos conforman una mirada tierna a los sueños rotos de aquellas mujeres que alimentaban las fantasías de los hombres.<br/>Las historias aquí reunidas sirvieron de inspiración para las películas Suzaki Paradise: Barrio Rojo, de Yûzô Kawashima, y La calle de la vergüenza, de Kenji Mizoguchi (ambas de 1956). |
| 650 #7 - Temas - Palabras clave |
| Término de materia o nombre geográfico como elemento de entrada |
Narrativa japonesa |
| Fuente del encabezamiento o término |
descriptor local |
| -- |
1368 |
| 655 #0 - GÉNERO |
| Datos o término principal de género/forma |
Novela |
| -- |
1469 |
| 700 1# - ENTRADA AGREGADA--NOMBRE PERSONAL |
| Nombre de persona |
Mizoguchi, Kenji, |
| Fechas asociadas al nombre |
1898-1956 |
| -- |
1661 |
| 700 1# - ENTRADA AGREGADA--NOMBRE PERSONAL |
| Nombre de persona |
Ogihara, Yoko |
| Término indicativo de función/relación |
tr. |
| -- |
778 |
| 700 1# - ENTRADA AGREGADA--NOMBRE PERSONAL |
| Nombre de persona |
Cordobés, Fernando |
| Término indicativo de función/relación |
tr. |
| -- |
779 |
| 942 ## - ELEMENTOS DE ENTRADA SECUNDARIOS (KOHA) |
| Fuente del sistema de clasificación o colocación |
Clasificación Decimal Dewey |
| Tipo de ítem Koha |
Libros Español-Inglés |
| 999 ## - |
| -- |
920 |
| -- |
920 |